00657nam a2200157 a 450000100100000000500170001000800410002704000250006808200150009310000370010824500560014526000810020130000200028295201800030299900170048200003338220200930070223.0110825s1931 dr 000 0 spa d aDO-SdBNPbspacBNPHU axxxbC183j1 aCaminero Sánchez, Mario95890910aJardines de ensueños /cMario Caminero Sánchez. aSan Pedro de Macorís, República Dominicana :bImprenta Cervantes,c1931. a56 p. ;c22 cm. 001050718RVaPDbPDcCTd2011-08-25iLF1l0oxxx C183jp33382-10r2020-06-25w2020-06-25y1zPerteneció a la biblioteca personal de Carlos Larrazabal BlancoZNo se presta c32873d32873